000
00279nam a2200109Ia 4500
008
200302s9999 xx 000 0 und d
100
_a
Laxmi Devi
245
_a
Strategic Planning for Rural Development
260
_b
Anmol Publication Pvt. Ltd.
260
_c
1997
300
_a
260 P.,
999
_c
5514
_d
5514